| 000 | 00515nam a2200181Ia 4500 | ||
|---|---|---|---|
| 005 | 20241219051847.0 | ||
| 008 | 240331s9999 xx 000 0 und d | ||
| 020 | _a8172148216 | ||
| 082 |
_bEVE _21922 _a305 |
||
| 245 | 0 |
_aEcclesia of Women in Asia _bGathering the Voices of the Silenced |
|
| 260 |
_aDelhi _bIndian Society for Promoting Christian Knowledge (ISPCK) _c2005 |
||
| 300 | _axxiv, 460 p., | ||
| 650 | _aWomen | ||
| 650 | _aAsia | ||
| 700 |
_aMonteiro, E _eedt |
||
| 700 |
_aGutzler, A _eedt |
||
| 942 | _cL | ||
| 999 |
_c1407 _d1407 |
||